zpět

Detail výsledku týmu

Souky Sport Bar, Česká Lípa

Datum a čas kvízu

2 Celkem bodů Celkový počet nahraných bodů na tomto kvízu bez doplňovacích otázek.
9. Pořadí na kvízu Konečné umístění týmu na tomto kvízu.

Zaznamenané odpovědi

# Otázka Odpověď Body Výsledky
1. Automobilka Škoda v minulém tý... Laurin & Klement Kampus 0
2. Vědci představili revoluční zp... hlavy 0
3. V minulém týdnu česká média in... Jeremy Clarkson 0
4. Minulý týden byl oznámen konec... ICQ 0
5. Jak se jmenuje 23letý český te... Tomáš Macháč 0
6. Jak se nazývají dva nejdůležit... Franská říše, Byzantská (Východořímská) říše 0
7. Jak se jmenoval významný střed... Magna Carta (Magna charta libertatum) 0
8. Jak se jmenoval český kníže z... Vratislav 0
9. Vytvořte z těchto středověkých... 1B 2D 3C 4A 0
10. Závěrem tématu se podíváme na... šlojíř, šlář 0